Statistics for Find the hidden elements - politicians

Click here to take the quiz!

General Stats

  • This quiz has been taken 25 times
  • The average score is 27 of 36

Answer Stats

Benjamin Netanyahu% Correct
Beryllium (Be)
100%
Beryllium (Be)
100%
Hydrogen (H)
100%
Hydrogen (H)
100%
Iodine (I)
100%
Iodine (I)
100%
Iodine (I)
100%
Nitrogen (N)
100%
Nitrogen (N)
100%
Oxygen (O)
100%
Oxygen (O)
100%
Boron (B)
93%
Boron (B)
93%
Uranium (U)
93%
Uranium (U)
93%
Argon (Ar)
79%
Carbon (C)
79%
Lithium (Li)
79%
Neon (Ne)
79%
Silicon (Si)
79%
Yttrium (Y)
71%
Yttrium (Y)
71%
Chlorine (Cl)
64%
Cobalt (Co)
64%
Nickel (Ni)
57%
Scandium (Sc)
57%
Sulphur (S)
57%
Vanadium (V)
57%
Lanthanum (La)
50%
Americium (Am)
43%
Erbium (Er)
43%
Indium (In)
43%
Indium (In)
43%
Lutetium (Lu)
36%
Tantalum (Ta)
36%
Livermorium (Lv)
29%

Score Distribution

Percentile by Number Answered

Percent of People with Each Score

Your Score History

You have not taken this quiz